Gaming Quiz

Random Gaming or Pokémon Quiz

All Pokemon Resisting Flying Quiz Stats

 Plays Quiz not verified by Sporcle

Support Sporcle.
Go Orange.
Score 0/153 Timer 20:00
0 Plays Today
Gen Pokemon % Correct
IPikachu
99.7%
IRaichu (Alola Raichu as well)
99.5%
IGeodude (Alola Geodude as well)
98.9%
IGolem (Alola Golem as well)
98.9%
IMagnemite
98.8%
IGraveler (Alola Graveler as well)
98.8%
IOmanyte
98.8%
IOmastar
98.8%
IKabuto
98.6%
IKabutops
98.6%
IMagneton
98.5%
IIPichu
98.3%
IISteelix (Mega Steelix as well)
98.3%
IIIAron
98.1%
IOnix
98%
IIILairon
98%
IIIAggron (Mega Aggron as well)
98%
IVoltorb
97.8%
IElectrode
97.8%
IElectabuzz
97.7%
IZapdos
97.7%
IIIMetagross (Mega Metagross as well)
97.7%
IVShieldon
97.5%
IIIMetang
97.5%
IIElekid
97.4%
IIIPlusle
97.4%
IIIMinun
97.4%
IRhyhorn
97.2%
IRhydon
97.2%
IVCranidos
97.2%
IVRampardos
97.2%
IVBastiodon
97.2%
VIIICoalossal
97.1%
IAerodactyl (Mega Aerodactyl as well)
97.1%
VArchen
97.1%
IIIBeldum
97.1%
VIIMelmetal
97.1%
VArcheops
96.9%
IVMagnezone
96.8%
VIIMeltan
96.6%
IVElectivire
96.6%
IVEmpoleon
96.6%
VIIIZacian (Crowned Sword)
96.5%
IIPupitar
96.1%
IITyranitar (Mega Tyranitar as well)
96.1%
VKlink
96.1%
IILanturn
96%
IIIManectric (Mega Manectric as well)
96%
IILarvitar
96%
VKlang
96%
VKlinklang
96%
Gen Pokemon % Correct
VIIICarkol
95.9%
IAlola Sandshrew
95.9%
IAlola Sandslash
95.9%
IIChinchou
95.8%
IIIRegisteel
95.8%
IIIElectrike
95.7%
VEmolga
95.7%
VCarracosta
95.7%
IIIRegirock
95.5%
IVRhyperior
95.4%
IVArceus (Electric, Rock or Steel-type)
95.4%
VIIIRolycoly
95.3%
IIMareep
95.2%
IIAmpharos (Mega Ampharos as well)
95.2%
IVPachirisu
95.2%
IVRotom (Normal, Fan, Freeze, Heat or Wash)
95.2%
VIDedenne
95.2%
VRoggenrola
95.2%
VBoldore
95.2%
VTirtouga
95.2%
IIIJirachi
95.2%
IIFlaaffy
95.1%
VGigalith
95.1%
VITyrantrum
94.9%
IAlola Diglett
94.8%
IAlola Dugtrio
94.8%
IJolteon
94.8%
VITyrunt
94.8%
IISkarmory
94.8%
VIIICorviknight
94.7%
VIAurorus
94.6%
VIAmaura
94.3%
VIIIDracozolt
94.2%
VIIIArctozolt
94.2%
VEelektross
94.1%
VIITogedemaru
94%
IVShinx
94%
IVLuxio
94%
IVLuxray
94%
VZekrom
94%
VTynamo
93.8%
VIIZeraora
93.8%
IVDialga
93.7%
IGalar Meowth
93.6%
IVHeatran
93.5%
VEelektrik
93.4%
VICarbink
93.2%
IVProbopass
93.1%
VIDiancie (Mega Diancie as well)
93.1%
IIIMawile (Mega Mawile as well)
93.1%
IVBronzor
93.1%
Gen Pokemon % Correct
IVBronzong
93.1%
VIIIToxtricity
93%
VIIIPerrserker
93%
VIICelesteela
92.7%
VZebstrika
92.6%
IIINosepass
92.6%
VIKlefki
92.6%
VBlitzle
92.4%
VIIIBoltund
92.4%
VIIIToxel
92.4%
VIIIMorpeko
92.4%
VIISilvally (Type: Electric, Rock or Steel)
92.4%
VIIRockruff
92.4%
IIIRelicanth
92%
VIHonedge
91.8%
VIDoublade
91.8%
VIIIYamper
91.8%
VIIICopperajah
91.8%
VIILycanroc
91.8%
VIIMagearna
91.8%
IISudowoodo
91.7%
VIAegislash
91.7%
VIIStakataka
91.7%
VPawniard
91.5%
VBisharp
91.5%
VIHelioptile
91.4%
VIIICufant
91.2%
VIIIDuraludon
91.2%
IIRaikou
91.2%
VIHeliolisk
91.2%
IIILunatone
91.2%
IIISolrock
91.2%
IICorsola
90.9%
VIIIRegieleki
90.7%
VIIIStonjourner
90.6%
VIINecrozma (Dusk Mane)
90.2%
IVBonsly
90%
VIBarbaracle
89.5%
VExcadrill
89.5%
VIIIDrednaw
89.5%
VIBinacle
89.4%
VIIXurkitree
89.2%
VStunfisk (Galar Stunfisk as well)
87.7%
VThundurus
87.7%
VIINihilego
87.5%
VIISolgaleo
87.3%
VIIMinior
87.1%
VIITapu Koko
84%
VIIOricorio (Pom-Pom Style)
82.6%
IIMagcargo
80.4%
VIIIPincurchin
80.1%

You're not logged in!

Compare scores with friends on all Sporcle quizzes.
OR
Log In

From the Vault

Which Word Wins? (Harry Potter Edition)

by MrChewypoo

'Voldemort' sure does show up a lot of times for being a name you're not supposed to say.
Remove Ads.
Support Sporcle.
Get the best of Sporcle when you Go Orange. This ad-free experience offers more features, more stats, and more fun while also helping to support Sporcle. Thank you for becoming a member.

Show Comments

Extras

Top Quizzes Today


Score Distribution

Your Account Isn't Verified!

In order to create a playlist on Sporcle, you need to verify the email address you used during registration. Go to your Sporcle Settings to finish the process.

Report this User

Report this user for behavior that violates our Community Guidelines.

Details: